Nebezpečné odpady 2 : Aktuálne otázky E 99.Zborník prednášok zo seminára v Košiciach 15.4.1999
Salvato in:
| Natura: | Libro |
|---|---|
| Pubblicazione: |
Prešov :
BIJO Slovensko s.r.o.,
1999
|
| Soggetti: | |
| Tags: |
Nessun Tag, puoi essere il primo ad aggiungerne!!
|
MARC
| LEADER | 00000nam a22000003a 4500 | ||
|---|---|---|---|
| 001 | stu52119 | ||
| 005 | 20150408162226.9 | ||
| 008 | 000221s1999----xo----------------------d | ||
| 040 | |a STU |b slo | ||
| 041 | 0 | ||
| 044 | |a xo | ||
| 080 | |a 504(082) | ||
| 245 | |a Nebezpečné odpady 2 : |b Aktuálne otázky E 99.Zborník prednášok zo seminára v Košiciach 15.4.1999 | ||
| 260 | |a Prešov : |b BIJO Slovensko s.r.o., |c 1999 | ||
| 300 | |a 66 s | ||
| 650 | 7 | |a odpady nebezpečné |2 stusub | |
| 996 | |b 284M034987 |c M*Z-1981 |l MMKN |s A |a 24 |w stu52119_0001 | ||
| 996 | |b MZ 1569 |c M*Z-1569 |l MMKN |s A |a 24 |w stu52119_0002 | ||